Εγκυκλοπαίδεια παγκόσμιας μουσικής
Αποθηκεύτηκε σε:
| Άλλοι συγγραφείς: | , |
|---|---|
| Μορφή: | Βιβλίο |
| Γλώσσα: | Greek Italian |
| Δημοσίευση: |
[Αθήνα] :
Αλκυών,
[1993].
|
| Θέματα: | |
| Ετικέτες: |
Προσθήκη ετικέτας
Δεν υπάρχουν, Καταχωρήστε ετικέτα πρώτοι!
|
MARC
| LEADER | 00000cam a2200000 i 4500 | ||
|---|---|---|---|
| 001 | 1/81298 | ||
| 008 | 960829s1993 gr | ||| |||| ||gre|| | ||
| 020 | |a 9603260010 | ||
| 035 | |a 1995 |b 2 |c Βιβλιοθήκη |l 10033658 | ||
| 040 | |a GR-MY-UA |b gre |e aacr | ||
| 041 | 1 | |a gre |h ita | |
| 082 | 7 | |a 780.3 |2 (22) | |
| 245 | 0 | 0 | |a Εγκυκλοπαίδεια παγκόσμιας μουσικής / |c επιμέλεια ύλης: Πητ Κωνσταντέας ; μετάφραση: Παναγιώτης Δερμεντζόγλου... [κ.ά.]. |
| 260 | |a [Αθήνα] : |b Αλκυών, |c [1993]. | ||
| 300 | |a 8 τ. : |b εικ. ; |c 29 εκ. | ||
| 500 | |a Τίτλος πρωτοτύπου: Enciclopedia bompiani - musica. | ||
| 650 | 0 | 0 | |a Music |x Encyclopedias. |
| 700 | 1 | |a Δερμεντζόγλου, Παναγιώτης, |e trl | |
| 700 | 1 | |a Κωνσταντέας, Πητ, |e edt | |
| 852 | |a INST |b RHODES |e 19960829 |h 780.3 ΕΓΚ |p 005400005220 |q 005400005220 |t REF |y 23 |z τ.8 | ||
| 852 | |a INST |b RHODES |e 19960829 |h 780.3 ΕΓΚ |p 005400005221 |q 005400005221 |t REF |y 23 |z τ.7 | ||
| 852 | |a INST |b RHODES |e 19960829 |h 780.3 ΕΓΚ |p 005400005222 |q 005400005222 |t REF |y 23 |z τ.6 | ||
| 852 | |a INST |b RHODES |e 19960829 |h 780.3 ΕΓΚ |p 005400005223 |q 005400005223 |t REF |y 23 |z τ.5 | ||
| 852 | |a INST |b RHODES |e 19960829 |h 780.3 ΕΓΚ |p 005400005224 |q 005400005224 |t REF |y 23 |z τ.4 | ||
| 852 | |a INST |b RHODES |e 19960829 |h 780.3 ΕΓΚ |p 005400005225 |q 005400005225 |t REF |y 23 |z τ.3 | ||
| 852 | |a INST |b RHODES |e 19960829 |h 780.3 ΕΓΚ |p 005400005226 |q 005400005226 |t REF |y 23 |z τ.2 | ||
| 852 | |a INST |b RHODES |e 19960829 |h 780.3 ΕΓΚ |p 005400005227 |q 005400005227 |t REF |y 23 |z τ.1 | ||
| 852 | |a INST |b RHODES |e 19960829 |h 780.3 ΕΓΚ |p 005400005220 |q 005400005220 |t REF |v τ.8: |y 23 |z τ.8 | ||
| 852 | |a INST |b RHODES |e 19960829 |h 780.3 ΕΓΚ |p 005400005221 |q 005400005221 |t REF |v τ.7: |y 23 |z τ.7 | ||
| 852 | |a INST |b RHODES |e 19960829 |h 780.3 ΕΓΚ |p 005400005222 |q 005400005222 |t REF |v τ.6: |y 23 |z τ.6 | ||
| 852 | |a INST |b RHODES |e 19960829 |h 780.3 ΕΓΚ |p 005400005223 |q 005400005223 |t REF |v τ.5: |y 23 |z τ.5 | ||
| 852 | |a INST |b RHODES |e 19960829 |h 780.3 ΕΓΚ |p 005400005224 |q 005400005224 |t REF |v τ.4: |y 23 |z τ.4 | ||
| 852 | |a INST |b RHODES |e 19960829 |h 780.3 ΕΓΚ |p 005400005225 |q 005400005225 |t REF |v τ.3: |y 23 |z τ.3 | ||
| 852 | |a INST |b RHODES |e 19960829 |h 780.3 ΕΓΚ |p 005400005226 |q 005400005226 |t REF |v τ.2: |y 23 |z τ.2 | ||
| 852 | |a INST |b RHODES |e 19960829 |h 780.3 ΕΓΚ |p 005400005227 |q 005400005227 |t REF |v τ.1: |y 23 |z τ.1 | ||
| 853 | |a INST |b RHODES |h 780.3 ΕΓΚ | ||
| 909 | |a Ρ |b 042284 | ||
| 909 | |a Ρ |b 042285 | ||
| 909 | |a Ρ |b 042286 | ||
| 909 | |a Ρ |b 042287 | ||
| 909 | |a Ρ |b 042288 | ||
| 909 | |a Ρ |b 042289 | ||
| 909 | |a Ρ |b 042290 | ||
| 909 | |a Ρ |b 042291 | ||
| 970 | |a ΧΟΡΟΖΙΔΟΥ |b ΤΖΕΝΗ |z 2000/06/29 | ||